Địa lí kinh tế - xã hội Việt Nam /
Giới thiệu vị trí lãnh thổ, môi trường tài nguyên Việt Nam, địa lí dân cư, công nghiệp, nông nghiệp, giao thông vận tải, du lịch, kinh tế đối ngoại, các vấn đề phát triển kinh tế - xã hội các vùng của Việt Nam
Đã lưu trong:
| Tác giả chính: | |
|---|---|
| Tác giả khác: | , |
| Định dạng: | Sách |
| Ngôn ngữ: | Vietnamese |
| Được phát hành: |
H. :
Đại học Sư phạm,
2007.
|
| Phiên bản: | Tái bản lần thứ 3 |
| Những chủ đề: | |
| Các nhãn: |
Thêm thẻ
Không có thẻ, Là người đầu tiên thẻ bản ghi này!
|
| Thư viện lưu trữ: | Mạng thư viện Đại học Đà Nẵng |
|---|
| LEADER | 01475nam a2200361 4500 | ||
|---|---|---|---|
| 001 | 000008927 | ||
| 003 | 5121 | ||
| 005 | 20191226151952.0 | ||
| 008 | 111021s2007 viesd | ||
| 020 | |c 91000đ | ||
| 041 | 0 | |a vie | |
| 082 | |a 915.97 |b LÊ-T | ||
| 100 | 0 | |a Lê Thông | |
| 245 | 1 | 0 | |a Địa lí kinh tế - xã hội Việt Nam / |c Lê Thông (ch.b.), Nguyễn Văn Phú, Nguyễn Minh Tuệ. |
| 250 | |a Tái bản lần thứ 3 | ||
| 260 | |a H. : |b Đại học Sư phạm, |c 2007. | ||
| 300 | |a 592tr. : |b minh hoạ ; |c 24 cm. | ||
| 520 | |a Giới thiệu vị trí lãnh thổ, môi trường tài nguyên Việt Nam, địa lí dân cư, công nghiệp, nông nghiệp, giao thông vận tải, du lịch, kinh tế đối ngoại, các vấn đề phát triển kinh tế - xã hội các vùng của Việt Nam | ||
| 650 | |a Bộ TK TVQG | ||
| 653 | |a Địa lý kinh tế - xã hôi | ||
| 700 | |a Nguyễn Văn Phú | ||
| 700 | |a Nguyễn Minh Tuệ | ||
| 910 | |a Võ Quang Huy |d 21/10/2011 | ||
| OWN | |a LSP | ||
| AVA | |a UDN50 |b LSP |d 915.97 LÊ-T |e check_holdings |t Error 5003 Not defined in file expand_doc_bib_avail. |h N |k 1 | ||
| 999 | |a From the UDN01 | ||
| AVA | |a UDN50 |b LSP |d 915.97 LÊ-T |e available |t Error 5001 Not defined in file expand_doc_bib_avail. |f 79 |g 16 |h N |i 78 |k 1 | ||
| TYP | |a Monograph | ||
| TYP | |a Printed language | ||
| 980 | |a Mạng thư viện Đại học Đà Nẵng | ||